Aphasia and Related Neurogenic Language Disorders (Record no. 247055)

MARC details
000 -LEADER
fixed length control field 00529nam a2200193Ia 4500
008 - FIXED-LENGTH DATA ELEMENTS--GENERAL INFORMATION
fixed length control field 240913s9999||||xx |||||||||||||| ||und||
020 ## - INTERNATIONAL STANDARD BOOK NUMBER
International Standard Book Number 978-1-60406-261-8
082 ## - DEWEY DECIMAL CLASSIFICATION NUMBER
-- 616.8552 Q1
100 ## - MAIN ENTRY--PERSONAL NAME
Personal name LaPointe, Leonard L
245 #0 - TITLE STATEMENT
Title Aphasia and Related Neurogenic Language Disorders
250 ## - EDITION STATEMENT
Edition statement 4th
260 ## - PUBLICATION, DISTRIBUTION, ETC. (IMPRINT)
Date of publication, distribution, etc 2011
Name of publisher, distributor, etc Thieme Publica
500 ## - GENERAL NOTE
General note REFERENCE
650 ## - SUBJECT ADDED ENTRY--TOPICAL TERM
Topical term or geographic name as entry element Audiology Speech and Language Pathology
942 ## - ADDED ENTRY ELEMENTS (KOHA)
Item type Reference
Holdings
Withdrawn status Lost status Damaged status Permanent location Current location Shelving location Date acquired Source of acquisition Cost, normal purchase price Full call number Barcode Date last seen Koha item type
      CENTRAL LIBRARY, NOORUL ISLAM CENTRE FOR HIGHER EDUCATION CENTRAL LIBRARY, NOORUL ISLAM CENTRE FOR HIGHER EDUCATION   02/05/2024 Amazon Online Book 2456.00 616.8552 Q1 83356 09/13/2024 Reference
Visitors:
Copyright © 2024 Central Library NICHE.  All rights reserved.